000 00618nam a2200241 a 4500
001 0001-1078
003 ELIB.Books
008 150113 2010 eng
020 _a0802434428
035 _a(ELIB.Books)0001-1233
092 _a248
_bMac
100 _aMacDonald, James.
245 _aLord, Change My Attitude
_b(Before It's Too Late)
260 _aChicago
_bMoody Press
_c2001
300 _a218
_c23 Cm
500 _aC/o Moe Lwai
650 _aChristian Life
856 _nKBTS; Library
_uKBTS; Elib.
942 _2ddc
_cBK
990 _a1
998 _cbat
_e2015-01-13
999 _c11078
_d11078